Las maestrías en administración en Bogotá : (Registro nro. 4801)

Detalles MARC
000 -LEADER
fixed length control field 00926nam a2200241Ia 4500
003 - CONTROL NUMBER IDENTIFIER
control field OSt
005 - DATE AND TIME OF LATEST TRANSACTION
control field 20200903120254.0
008 - FIXED-LENGTH DATA ELEMENTS--GENERAL INFORMATION
fixed length control field 191128s2007 ck gr 000 0 spa d
020 ## - INTERNATIONAL STANDARD BOOK NUMBER
International Standard Book Number 9789589828519
040 ## - CATALOGING SOURCE
Original cataloging agency CO-JMCR
Transcribing agency CO-JMCR
041 0# - LANGUAGE CODE
Language code of text/sound track or separate title spa
082 04 - DEWEY DECIMAL CLASSIFICATION NUMBER
Classification number 378 /
Item number U588m
Edition number 23
110 1# - MAIN ENTRY--CORPORATE NAME
Corporate name or jurisdiction name as entry element Universidad Autónoma de Colombia
9 (RLIN) 9702
245 14 - TITLE STATEMENT
Title Las maestrías en administración en Bogotá :
Remainder of title situación actual y perspectivas /
Statement of responsibility, etc. Universidad Autónoma de Colombia
260 ## - PUBLICATION, DISTRIBUTION, ETC.
Place of publication, distribution, etc. Bogotá :
Name of publisher, distributor, etc. Da Vinci editores,
Date of publication, distribution, etc. 2007.
300 ## - PHYSICAL DESCRIPTION
Extent 159 páginas
Dimensions 24 cm.
500 ## - GENERAL NOTE
General note Incluye notas a pie de páginas.
504 ## - BIBLIOGRAPHY, ETC. NOTE
Bibliography, etc. note Bibliografía : páginas 155-159.
505 0# - FORMATTED CONTENTS NOTE
Formatted contents note Antecedentes -- Referente conceptual -- Diseño metodológico -- Descripción del terreno de investigación -- Análisis -- Conclusiones
650 24 - SUBJECT ADDED ENTRY--TOPICAL TERM
Topical term or geographic name entry element Organizacón y gestión
9 (RLIN) 9703
650 24 - SUBJECT ADDED ENTRY--TOPICAL TERM
Topical term or geographic name entry element Educación superior
Geographic subdivision Colombia
9 (RLIN) 9283
942 ## - ADDED ENTRY ELEMENTS (KOHA)
Source of classification or shelving scheme Dewey Decimal Classification
Koha item type Books
Existencias
Withdrawn status Lost status Source of classification or shelving scheme Materials specified (bound volume or other part) Damaged status Not for loan Home library Current library Shelving location Date acquired Source of acquisition Full call number Barcode Date last seen Copy number Price effective from Koha item type
    Dewey Decimal Classification Donación--15/04/2018--     Biblioteca Pública José María del Castillo y Rada Biblioteca Pública José María del Castillo y Rada General Stacks 11/28/2019 Donación 378 / U588m 430000529 05/16/2024 Ej .1 11/28/2019 Books